000 01276cam a22003495i 4500
999 _c507928
_d507928
001 20411243
005 20190410104807.0
008 171216s2018 ii a b 001 0beng d
010 _a 2017353106
020 _a9789350025284
_q(hardback)
020 _a9350025280
025 _aI-E-2017353106 ; 61-91 ; 62-91
035 _a(OCoLC)on1015885681
035 _a(OCoLC)1015885681
037 _bLibrary of Congress -- New Delhi Overseas Office
040 _aDKAGE
_beng
_erda
_cDKAGE
_dOCLCO
_dOCLCF
_dDLC
041 0 _aeng
_ahin
042 _alccopycat
_alcode
043 _aa-ii---
050 4 _aDS436
_b.L35 2018
082 0 4 _aA99 J334/L15
100 1 _aLal, Ratan
_c(Associate professor of history),
_eauthor.
_92807
245 1 0 _aKashi Prasad Jayaswal :
_bthe making of a 'nationalist' historian /
_cRatan Lal.
300 _axii, 343 pages :
_billustrations (black and white) ;
_c23 cm
504 _aIncludes bibliographical references (pages 290-308) and index.
546 _aIncludes text in Hindi.
600 1 0 _aJayaswal, Kashi Prasad,
_d1881-1937.
_92808
650 0 _aHistorians
_zIndia
_vBiography.
_92809
651 0 _aIndia
_xHistory.
_92810
906 _a7
_bpar
_ccopycat
_d3
_encip
_f20
_gy-gencatlg